Statistisches Jahrbuch Nordrhein-Westfalen 2018 60. Jahrgang

Guardado en:
Detalles Bibliográficos
Formato: Libro
Lenguaje:alemán
Publicado: Düsseldorf Information und Technik Nordrhein-Westfalen, Statistisches Landesamt 2018
Materias:
Etiquetas: Agregar Etiqueta
Sin Etiquetas, Sea el primero en etiquetar este registro!

MARC

LEADER 00000nam a2200000 4500
001 0250796
005 20221220065858.7
020 |a 978-3-939943-46-4 
041 0 |a ger 
044 |a DE 
245 1 0 |a Statistisches Jahrbuch Nordrhein-Westfalen 2018  |b 60. Jahrgang 
264 1 |a Düsseldorf  |b Information und Technik Nordrhein-Westfalen, Statistisches Landesamt  |c 2018 
300 |a 816 s. 
610 2 0 |a údaje štatistické 
610 2 0 |a tabuľky štatistické 
610 2 0 |a geografia 
610 2 0 |a meteorológia 
610 2 0 |a regióny 
610 2 0 |a obyvateľstvo 
610 2 0 |a zdravotníctvo 
610 2 0 |a vzdelávanie 
610 2 0 |a kultúra 
610 2 0 |a súdnictvo 
610 2 0 |a bezpečnosť 
610 2 0 |a voľby 
610 2 0 |a živnosti 
610 2 0 |a poľnohospodárstvo 
610 2 0 |a lesníctvo 
610 2 0 |a podnik 
610 2 0 |a pracovisko 
610 2 0 |a výroba 
610 2 0 |a stavebníctvo 
610 2 0 |a bývanie 
610 2 0 |a obchod 
610 2 0 |a doprava 
610 2 0 |a insolventnosť 
610 2 0 |a dávky sociálne 
610 2 0 |a financie verejné 
610 2 0 |a ceny 
610 2 0 |a náklady mzdové 
610 2 0 |a zásobovanie 
610 2 0 |a spotreba 
610 2 0 |a účty národné 
610 2 0 |a prostredie životné 
610 2 0 |a výsledok hospodársky 
610 2 0 |a Nemecko 
610 2 0 |a Nordrhein-Westfalen